[Event "87o Campeonato Brasileiro Absoluto Final Aberta"]
[Site "Cuiaba MT"]
[Date "2021.10.29"]
[Round "2"]
[Board "75"]
[White "De Carvalho, Amauri"]
[Black "Lima, Vinicius Taishun"]
[Result "0-1"]
[WhiteElo "1188"]
[BlackElo "1788"]
[PlyCount "108"]
[EventDate "2021.10.28"]
[EventRounds "11"]
[EventCountry "BRA"]

1. b3 c5 2. Bb2 Nc6 3. e3 e5 4. Bb5 Nge7 5. Ne2 g6 6. f4 d6 7. O-O Bg7 8. c4
O-O 9. Nbc3 a6 10. Bxc6 Nxc6 11. Nd5 Be6 12. Nec3 b5 13. a3 Rb8 14. Rb1 f5 15.
Ba1 bxc4 16. bxc4 Qa5 17. Qa4 Qxa4 18. Nxa4 exf4 19. Bxg7 Kxg7 20. exf4 Bxd5
21. cxd5 Nd4 22. Nb6 Rfd8 23. Nc4 Rb5 24. Kf2 Kf8 25. d3 Ke7 26. a4 Rb4 27. a5
Rdb8 28. Rfe1+ Kd7 29. Nb6+ Kd8 30. Rxb4 cxb4 31. Rb1 b3 32. Ke3 Nc2+ 33. Kd2
Nd4 34. g3 Kc7 35. Kc3 Nb5+ 36. Kb4 Re8 37. Rc1+ Kb7 38. Kxb3 Nd4+ 39. Kb4 Nb5
40. Rc6 Re2 41. Nc4 Rxh2 42. Nxd6+ Nxd6 43. Rxd6 Rb2+ 44. Ka3 Rb5 45. Ka4 Kc7
46. Rc6+ Kb7 47. Rb6+ Rxb6 48. axb6 Kxb6 49. d6 Kc6 50. d7 Kxd7 51. Ka5 Kc6 52.
Kxa6 h6 53. Ka5 Kc5 54. Ka4 Kd4  0-1

[Event "87o Campeonato Brasileiro Absoluto Final Aberta"]
[Site "Cuiaba MT"]
[Date "2021.10.29"]
[Round "2"]
[Board "76"]
[White "Teixeira, Jonas Carvalho"]
[Black "Paludo, Nicolas Luis Escarantte"]
[Result "1/2-1/2"]
[WhiteElo "1785"]
[BlackElo "1821"]
[PlyCount "41"]
[EventDate "2021.10.28"]
[EventRounds "11"]
[EventCountry "BRA"]

1. e4 e5 2. Nf3 Nc6 3. Bb5 Nf6 4. O-O Bc5 5. d3 O-O 6. c3 a6 7. Ba4 b5 8. Bc2
h6 9. Nbd2 d6 10. h3 Be6 11. Re1 Ne7 12. Nf1 Ng6 13. Ng3 Qc8 14. Nf5 Kh7 15.
Qe2 Ba7 16. d4 Re8 17. dxe5 Nxe5 18. Nxe5 dxe5 19. Qf3 Bxf5 20. Qxf5+ Qxf5 21.
exf5  1/2-1/2

[Event "87o Campeonato Brasileiro Absoluto Final Aberta"]
[Site "Cuiaba MT"]
[Date "2021.10.29"]
[Round "2"]
[Board "77"]
[White "Sovinski, Marcos Roberto"]
[Black "Rezende, Uelton Fabricius Alves"]
[Result "0-1"]
[WhiteElo "1800"]
[BlackElo "1784"]
[PlyCount "50"]
[EventDate "2021.10.28"]
[EventRounds "11"]
[EventCountry "BRA"]

1. e4 e5 2. Nf3 Nc6 3. Bc4 Bc5 4. c3 Nf6 5. O-O d6 6. b4 Bb6 7. Re1 O-O 8. h3
Be6 9. Bb3 Qd7 10. d4 exd4 11. cxd4 Bxb3 12. axb3 Nxb4 13. Bg5 Qc6 14. Na3 Nxe4
15. Be3 f5 16. Nc4 Nd5 17. Nxb6 Qxb6 18. Qd3 h6 19. g4 Nb4 20. Qc4+ d5 21. Qc1
Nd3 22. Qd1 Nxe1 23. Nxe1 fxg4 24. Qxg4 Rf6 25. Nd3 Rg6  0-1

[Event "87o Campeonato Brasileiro Absoluto Final Aberta"]
[Site "Cuiaba MT"]
[Date "2021.10.29"]
[Round "2"]
[Board "78"]
[White "Da Silva Santos, Jarlison"]
[Black "Rocha, Matheus Eugenio S M Nunes"]
[Result "0-1"]
[WhiteElo "1774"]
[BlackElo "1800"]
[PlyCount "96"]
[EventDate "2021.10.28"]
[EventRounds "11"]
[EventCountry "BRA"]

1. e4 c6 2. Nf3 d5 3. exd5 cxd5 4. d4 Nf6 5. Bd3 Nc6 6. O-O Bg4 7. c3 Qc7 8.
Bg5 Ne4 9. Bh4 e6 10. Re1 Bd6 11. h3 Bf5 12. Nbd2 Nxf2 13. Bxf2 Bxd3 14. Qb3
O-O 15. Rac1 b5 16. Re3 Bg6 17. Qd1 Rac8 18. Re1 Qa5 19. Nh4 Qxa2 20. Nxg6 hxg6
21. Qc2 Nb4 22. Qb1 Qxb1 23. Rxb1 Nd3 24. Rf1 Nxf2 25. Rxf2 e5 26. dxe5 Bc5 27.
Kf1 Bxf2 28. Kxf2 Rfe8 29. Nf3 f6 30. Rd1 Rcd8 31. exf6 gxf6 32. Nd4 a6 33. Nc6
Rd6 34. Nb4 Red8 35. Ke3 Kf7 36. Ra1 d4+ 37. cxd4 Rxd4 38. Nc6 Rd3+ 39. Ke4
R8d6 40. Rxa6 Rd2 41. b4 Rxg2 42. Ra7+ Ke8 43. Nd4 Rg3 44. Rh7 Rg5 45. Rb7 Re5+
46. Kd3 Red5 47. Rb8+ Kf7 48. Rb7+ Kg8  0-1

[Event "87o Campeonato Brasileiro Absoluto Final Aberta"]
[Site "Cuiaba MT"]
[Date "2021.10.29"]
[Round "2"]
[Board "80"]
[White "Da Silva, Erick Feitosa"]
[Black "Fogaca, Vinicius"]
[Result "1-0"]
[WhiteElo "1765"]
[BlackElo "1776"]
[PlyCount "63"]
[EventDate "2021.10.28"]
[EventRounds "11"]
[EventCountry "BRA"]

1. c4 c5 2. Nc3 Nf6 3. Nf3 e6 4. e4 d6 5. d4 cxd4 6. Nxd4 a6 7. Be2 b6 8. O-O
Bb7 9. Bf3 Qc7 10. Be3 Nbd7 11. Qa4 Be7 12. e5 dxe5 13. Bxb7 Qxb7 14. Nc6 b5
15. cxb5 axb5 16. Qxb5 Qxb5 17. Nxb5 Rc8 18. Rfc1 Nd5 19. Bd2 O-O 20. Nxe7+
Nxe7 21. Bb4 Rxc1+ 22. Rxc1 Rc8 23. Rxc8+ Nxc8 24. a4 Ncb6 25. a5 Nd5 26. Bd6
f6 27. Nc7 Kf7 28. a6 N7b6 29. b4 Nxc7 30. Bxc7 Na8 31. Ba5 Ke7 32. b5  1-0

[Event "87o Campeonato Brasileiro Absoluto Final Aberta"]
[Site "Cuiaba MT"]
[Date "2021.10.29"]
[Round "2"]
[Board "81"]
[White "Leite, Coraci De Jesus"]
[Black "Marquezini, Paulo Eduardo Seben"]
[Result "1-0"]
[WhiteElo "1763"]
[BlackElo "1760"]
[PlyCount "35"]
[EventDate "2021.10.28"]
[EventRounds "11"]
[EventCountry "BRA"]

1. e4 e5 2. Nf3 Nc6 3. Bc4 Bc5 4. O-O Nf6 5. Qe2 O-O 6. c3 a6 7. b4 Ba7 8. Bb3
d6 9. h3 Be6 10. Bc2 Nh5 11. d3 f5 12. Ng5 Bf7 13. Nxf7 Rxf7 14. Qxh5 f4 15.
Bb3 g6 16. Bxf7+ Kxf7 17. Qxh7+ Kf6 18. Qh4+  1-0

[Event "87o Campeonato Brasileiro Absoluto Final Aberta"]
[Site "Cuiaba MT"]
[Date "2021.10.29"]
[Round "2"]
[Board "82"]
[White "Cinta Larga, Carlos Eduardo Dos Santos"]
[Black "Messias, Jose Vitor Lamosa Prado"]
[Result "0-1"]
[WhiteElo "1742"]
[BlackElo "1762"]
[PlyCount "88"]
[EventDate "2021.10.28"]
[EventRounds "11"]
[EventCountry "BRA"]

1. e4 e5 2. Nf3 Nf6 3. Nc3 Nc6 4. Bc4 Bb4 5. O-O O-O 6. d3 h6 7. Nd5 Ba5 8. c3
d6 9. b4 Bb6 10. a4 a6 11. Nxb6 cxb6 12. Qc2 Bg4 13. Ne1 Rc8 14. f4 Be6 15.
fxe5 dxe5 16. b5 Nd4 17. cxd4 Qxd4+ 18. Kh1 Qxa1 19. Bb2 Rxc4 20. dxc4 Qa2 21.
bxa6 bxa6 22. Nf3 Qxc4 23. Qd1 Qb3 24. Qc1 Rc8 25. Qa1 Qa2 26. Nxe5 Qxa1 27.
Rxa1 Nxe4 28. Bd4 b5 29. axb5 axb5 30. Re1 Nd6 31. Ng6 Kh7 32. Nf4 Bc4 33. Nh5
Re8 34. Rb1 Nf5 35. Bxg7 Nxg7 36. Nf6+ Kg6 37. Nxe8 Nxe8 38. h3 Nf6 39. Kg1 Ne4
40. g4 h5 41. gxh5+ Kxh5 42. Kg2 Kh4 43. Re1 Ng5 44. Rb1 Nxh3  0-1

[Event "87o Campeonato Brasileiro Absoluto Final Aberta"]
[Site "Cuiaba MT"]
[Date "2021.10.29"]
[Round "2"]
[Board "84"]
[White "Cymbalista, Eduardo Cymrot"]
[Black "De Carvalho, Vitor Augusto Ponciano"]
[Result "0-1"]
[WhiteElo "1735"]
[BlackElo "1757"]
[PlyCount "45"]
[EventDate "2021.10.28"]
[EventRounds "11"]
[EventCountry "BRA"]

1. e4 c5 2. Nf3 e6 3. d4 cxd4 4. Nxd4 Nc6 5. Nc3 Qc7 6. Be3 a6 7. Bd3 Nf6 8.
Qd2 b5 9. h3 Bb7 10. Nb3 Ne5 11. f4 Nc4 12. Bxc4 bxc4 13. e5 Nd5 14. Nxd5 Bxd5
15. Nd4 Qb7 16. O-O Qxb2 17. Rab1 c3 18. Rxb2 cxd2 19. Rfb1 Ba3 20. Rb6 Bc1 21.
Bxd2 Bxd2 22. Rb8+ Ke7 23. Nc6+  0-1

[Event "87o Campeonato Brasileiro Absoluto Final Aberta"]
[Site "Cuiaba MT"]
[Date "2021.10.29"]
[Round "3"]
[Board "1"]
[White "Supi, Luis Paulo"]
[Black "Brito, Luismar"]
[Result "1-0"]
[WhiteElo "2572"]
[BlackElo "2198"]
[PlyCount "39"]
[EventDate "2021.10.28"]
[EventRounds "11"]
[EventCountry "BRA"]

1. e4 c5 2. Nf3 d6 3. d4 cxd4 4. Qxd4 a6 5. Be2 Nc6 6. Qe3 Bg4 7. O-O Bxf3 8.
Bxf3 g6 9. e5 d5 10. Rd1 e6 11. c4 Bh6 12. Qb3 Bxc1 13. cxd5 Na5 14. Qb4 exd5
15. Nc3 Bxb2 16. Qxb2 Ne7 17. Nxd5 Nxd5 18. Rxd5 Qc7 19. e6 O-O 20. Rd7  1-0

[Event "87o Campeonato Brasileiro Absoluto Final Aberta"]
[Site "Cuiaba MT"]
[Date "2021.10.29"]
[Round "3"]
[Board "2"]
[White "Marra, Eduardo Da Costa"]
[Black "Fier, Alexandr"]
[Result "0-1"]
[WhiteElo "2200"]
[BlackElo "2563"]
[PlyCount "122"]
[EventDate "2021.10.28"]
[EventRounds "11"]
[EventCountry "BRA"]

1. e4 c5 2. Nf3 e6 3. g3 Nc6 4. Bg2 Nf6 5. Qe2 e5 6. c3 Be7 7. d3 O-O 8. Na3
Re8 9. O-O d6 10. Nc4 h6 11. Ne3 Be6 12. Nh4 Bf8 13. Nd5 Rb8 14. Qf3 Nh7 15.
Nf5 Bxd5 16. exd5 Ne7 17. Bd2 Nxf5 18. Qxf5 g6 19. Qg4 Bg7 20. Rae1 Qa5 21. Qd1
Qxa2 22. Qc2 Qa6 23. Ra1 Qb6 24. Ra4 a6 25. b4 Nf6 26. Rb1 Nd7 27. bxc5 Qxc5
28. Rc4 Qa5 29. Be3 Rec8 30. Ba7 Rxc4 31. dxc4 Qc7 32. Bxb8 Qxb8 33. Qb3 Nc5
34. Qb6 Bf8 35. Qc6 Qd8 36. Rxb7 Nxb7 37. Qxb7 Qa5 38. Qb2 Qc5 39. Qb4 a5 40.
Qb5 Qa3 41. Be4 Qxc3 42. Kg2 Qe1 43. Bc2 Qe2 44. Qb3 e4 45. Bd1 Qe1 46. Bc2 Qe2
47. Bd1 Qd2 48. Qc2 Qd4 49. h4 h5 50. Kf1 Bh6 51. Kg2 Bd2 52. Be2 Be1 53. Bf1
a4 54. c5 dxc5 55. d6 a3 56. Bc4 Kg7 57. d7 e3 58. fxe3 Qxd7 59. e4 Qd4 60. Qb3
Qf2+ 61. Kh3 a2  0-1

[Event "87o Campeonato Brasileiro Absoluto Final Aberta"]
[Site "Cuiaba MT"]
[Date "2021.10.29"]
[Round "3"]
[Board "3"]
[White "Mekhitarian, Krikor Sevag"]
[Black "Carstens Dobuchak, Thiago"]
[Result "1-0"]
[WhiteElo "2560"]
[BlackElo "2179"]
[PlyCount "109"]
[EventDate "2021.10.28"]
[EventRounds "11"]
[EventCountry "BRA"]

1. e4 c5 2. Nf3 d6 3. d4 cxd4 4. Nxd4 Nf6 5. Nc3 a6 6. Be3 e5 7. Nb3 Be6 8. f3
Be7 9. Qd2 O-O 10. O-O-O Nbd7 11. g4 b5 12. a3 Nb6 13. g5 Nh5 14. Na5 Qc7 15.
Rg1 Rab8 16. Nd5 Nxd5 17. exd5 Bf5 18. Nc6 Ra8 19. Bd3 Bxd3 20. Qxd3 f5 21.
Rde1 f4 22. Bf2 g6 23. Kb1 Ng7 24. c4 bxc4 25. Qxc4 Qd7 26. Nxe5 Qf5+ 27. Ka2
Bxg5 28. Nc6 Rf7 29. Nd4 Qf6 30. Ne6 Bh6 31. Bd4 Qf5 32. Qc6 Rb8 33. Qxd6 Rfb7
34. Nd8 Rd7 35. Qxb8 Qxd5+ 36. Qb3 Qxb3+ 37. Kxb3 Rxd4 38. Rd1 Nf5 39. Ne6 Rxd1
40. Rxd1 Kf7 41. Nc5 Bg7 42. Rd3 a5 43. Nb7 a4+ 44. Kxa4 Bxb2 45. Nd6+ Nxd6 46.
Rxd6 g5 47. Kb3 Be5 48. Rc6 g4 49. fxg4 f3 50. h3 f2 51. Rc1 Kf6 52. Rf1 Bg3
53. a4 Kg5 54. a5 Kh4 55. a6  1-0

[Event "87o Campeonato Brasileiro Absoluto Final Aberta"]
[Site "Cuiaba MT"]
[Date "2021.10.29"]
[Round "3"]
[Board "4"]
[White "Abrantes, Tiago Garrido"]
[Black "Barbosa, Evandro Amorim"]
[Result "1/2-1/2"]
[WhiteElo "2178"]
[BlackElo "2509"]
[PlyCount "92"]
[EventDate "2021.10.28"]
[EventRounds "11"]
[EventCountry "BRA"]

1. d4 Nf6 2. c4 g6 3. g3 c5 4. d5 b5 5. cxb5 a6 6. b6 Qxb6 7. Nc3 Bg7 8. Bg2 d6
9. Nf3 O-O 10. O-O a5 11. h3 Na6 12. Nd2 Nc7 13. Qc2 Ba6 14. Rb1 Nb5 15. Nc4
Qc7 16. Nxb5 Bxb5 17. a4 Bxc4 18. Qxc4 Nd7 19. Bd2 Rfb8 20. b3 Nb6 21. Qc2 c4
22. bxc4 Qxc4 23. Rfc1 Qxc2 24. Rxc2 Nxa4 25. Rxb8+ Rxb8 26. Bxa5 Nc5 27. Bf3
Bd4 28. Rc4 Be5 29. Rb4 Ra8 30. Rb5 Kg7 31. Kg2 f5 32. Bb4 Ne4 33. Bxe4 fxe4
34. Ba5 Kf6 35. f4 exf3+ 36. Kxf3 h5 37. e3 Kf7 38. g4 Rc8 39. Be1 Rc1 40. Bg3
Bxg3 41. Kxg3 Rg1+ 42. Kf2 Rd1 43. gxh5 gxh5 44. Ra5 Kf6 45. Kg3 Rg1+ 46. Kf4
h4  1/2-1/2

[Event "87o Campeonato Brasileiro Absoluto Final Aberta"]
[Site "Cuiaba MT"]
[Date "2021.10.29"]
[Round "3"]
[Board "5"]
[White "Lima, Darcy"]
[Black "Ribeiro, Matheus Mendes Domingues"]
[Result "1-0"]
[WhiteElo "2508"]
[BlackElo "2177"]
[PlyCount "50"]
[EventDate "2021.10.28"]
[EventRounds "11"]
[EventCountry "BRA"]

1. d4 d5 2. c4 e6 3. Nf3 Nf6 4. Nc3 Be7 5. Bg5 h6 6. Bxf6 Bxf6 7. e3 b6 8. Rc1
O-O 9. cxd5 exd5 10. b4 Be6 11. b5 c5 12. bxc6 Nxc6 13. Be2 Na5 14. O-O Qe7 15.
Ba6 Qa3 16. Qe2 Rfd8 17. Nb5 Qe7 18. Nc7 Rab8 19. Rc2 Bf5 20. Bd3 Be4 21. Rfc1
Nb7 22. Na6 Ra8 23. Rc7 Qa3 24. R1c3 Qa5 25. Rc2 Nd6 {resto ilegÃƒ^^vel}  1-0

[Event "87o Campeonato Brasileiro Absoluto Final Aberta"]
[Site "Cuiaba MT"]
[Date "2021.10.29"]
[Round "3"]
[Board "6"]
[White "Sega, Carlos Alberto"]
[Black "Santiago, Yago De Moura"]
[Result "1/2-1/2"]
[WhiteElo "2164"]
[BlackElo "2478"]
[PlyCount "48"]
[EventDate "2021.10.28"]
[EventRounds "11"]
[EventCountry "BRA"]

1. c4 e6 2. g3 d5 3. Bg2 Nf6 4. Nf3 g6 5. O-O Bg7 6. d4 O-O 7. Qc2 b6 8. Nc3
Bb7 9. cxd5 exd5 10. Bg5 Na6 11. Rfd1 Qe7 12. Ne5 Qe6 13. Qb3 c6 14. Bxf6 Bxf6
15. e4 Bxe5 16. exd5 cxd5 17. Re1 Qg4 18. dxe5 Nc5 19. Qd1 Qb4 20. Bxd5 Rad8
21. Qf3 Qxb2 22. Rad1 Rd7 23. Bxb7 Rxb7 24. Nd5 Qxa2  1/2-1/2

[Event "87o Campeonato Brasileiro Absoluto Final Aberta"]
[Site "Cuiaba MT"]
[Date "2021.10.29"]
[Round "3"]
[Board "7"]
[White "Di Berardino, Diego Rafael"]
[Black "Souza, Rafael Cabral De"]
[Result "1-0"]
[WhiteElo "2471"]
[BlackElo "2162"]
[PlyCount "65"]
[EventDate "2021.10.28"]
[EventRounds "11"]
[EventCountry "BRA"]

1. Nf3 g6 2. g3 Bg7 3. d4 b6 4. Bg2 Bb7 5. O-O Nf6 6. c4 O-O 7. Qc2 Be4 8. Qa4
c5 9. d5 d6 10. Nc3 Bf5 11. Ne1 Qc8 12. e4 Bd7 13. Qc2 Na6 14. b3 Nc7 15. Nd3
b5 16. Bd2 bxc4 17. bxc4 Qa6 18. Nd1 Ba4 19. Qc1 Rab8 20. Ne3 Bd7 21. h3 Qc8
22. Kh2 Na6 23. e5 Ne8 24. f4 Nb4 25. Nxb4 Rxb4 26. Bc3 Ra4 27. Qb2 Nc7 28.
exd6 Bxc3 29. Qxc3 exd6 30. f5 Qa6 31. Ng4 f6 32. Nxf6+ Rxf6 33. Qxf6  1-0

[Event "87o Campeonato Brasileiro Absoluto Final Aberta"]
[Site "Cuiaba MT"]
[Date "2021.10.29"]
[Round "3"]
[Board "8"]
[White "Zallio, Luciano De Souza"]
[Black "Quintiliano Pinto, Renato R."]
[Result "0-1"]
[WhiteElo "2163"]
[BlackElo "2469"]
[PlyCount "62"]
[EventDate "2021.10.28"]
[EventRounds "11"]
[EventCountry "BRA"]

1. Nf3 Nf6 2. e3 d5 3. b3 Bf5 4. Bb2 e6 5. Be2 h6 6. d4 Be7 7. O-O O-O 8. c4
Nbd7 9. Nc3 c6 10. Rc1 a5 11. a3 Bd6 12. Re1 Qe7 13. c5 Bc7 14. b4 axb4 15.
axb4 e5 16. b5 Rfe8 17. Qb3 Bg4 18. g3 e4 19. Nd2 Qe6 20. b6 Bb8 21. Qd1 h5 22.
f3 exf3 23. Bxf3 Qf5 24. Qe2 Nf8 25. Rf1 Qg6 26. Rce1 h4 27. Bxg4 Nxg4 28. Rf3
hxg3 29. hxg3 Ne6 30. Nd1 Ng5 31. Rff1 Bxg3  0-1

[Event "87o Campeonato Brasileiro Absoluto Final Aberta"]
[Site "Cuiaba MT"]
[Date "2021.10.29"]
[Round "3"]
[Board "9"]
[White "Umetsubo, Cesar Hidemitsu"]
[Black "Zanette, Edgard Vinicius"]
[Result "1-0"]
[WhiteElo "2379"]
[BlackElo "2157"]
[PlyCount "45"]
[EventDate "2021.10.28"]
[EventRounds "11"]
[EventCountry "BRA"]

1. d4 d5 2. c4 c6 3. Nf3 Nf6 4. Nc3 e6 5. cxd5 exd5 6. Qc2 Be7 7. Bf4 O-O 8. e3
Re8 9. Bd3 Nbd7 10. O-O Nf8 11. h3 Ng6 12. Bh2 Bd6 13. Bxd6 Qxd6 14. Rab1 Qe7
15. Rbe1 Ne4 16. Bxe4 dxe4 17. Nd2 Bxh3 18. gxh3 Qh4 19. Kh2 Nf4 20. exf4 Qxf4+
21. Kh1 f5 22. Ne2 Qh4 23. Qb3+  1-0

[Event "87o Campeonato Brasileiro Absoluto Final Aberta"]
[Site "Cuiaba MT"]
[Date "2021.10.29"]
[Round "3"]
[Board "10"]
[White "Gauche, Charles"]
[Black "Santos, Marcus Vinicius Moreira"]
[Result "1-0"]
[WhiteElo "2155"]
[BlackElo "2375"]
[PlyCount "97"]
[EventDate "2021.10.28"]
[EventRounds "11"]
[EventCountry "BRA"]

1. e4 g6 2. d4 Bg7 3. c4 d6 4. Nc3 e5 5. d5 a5 6. Be2 Na6 7. Be3 Nf6 8. h3 Nc5
9. Qc2 O-O 10. O-O-O Bd7 11. g4 Qe7 12. Bg5 Rfc8 13. Kb1 c6 14. f3 h6 15. Bh4
g5 16. Bf2 cxd5 17. exd5 a4 18. h4 Nh7 19. Bxc5 Rxc5 20. Bd3 Nf6 21. hxg5 hxg5
22. Nh3 e4 23. Bxe4 Rxc4 24. Nxg5 Nxe4 25. Ngxe4 a3 26. Rh5 Rb4 27. b3 Rc8 28.
Rdh1 Rxc3 29. Nxc3 Qf6 30. Rh8+ Bxh8 31. Qh7+ Kf8 32. Qxh8+ Qxh8 33. Rxh8+ Ke7
34. Kc2 Rf4 35. Rh3 Rd4 36. Rh2 Rf4 37. Re2+ Kd8 38. Re3 Rd4 39. Re4 Rxe4 40.
Nxe4 Ke7 41. Kc3 Bb5 42. f4 Be2 43. g5 Bf3 44. Kd4 b5 45. f5 Bd1 46. f6+ Kd7
47. Nc3 Bc2 48. b4 Bg6 49. Nxb5  1-0

[Event "87o Campeonato Brasileiro Absoluto Final Aberta"]
[Site "Cuiaba MT"]
[Date "2021.10.29"]
[Round "3"]
[Board "11"]
[White "Limp, Eduardo Thelio"]
[Black "Luz, Arthur Nader"]
[Result "0-1"]
[WhiteElo "2364"]
[BlackElo "2149"]
[PlyCount "136"]
[EventDate "2021.10.28"]
[EventRounds "11"]
[EventCountry "BRA"]

1. e4 c5 2. Nf3 d6 3. d4 cxd4 4. Nxd4 Nf6 5. Nc3 g6 6. Bg5 Bg7 7. Qd2 Nc6 8.
Nb3 h6 9. Bh4 O-O 10. Be2 a5 11. a4 Be6 12. f3 Rc8 13. Bf2 Nb4 14. Nd4 Nd7 15.
Ncb5 Nc5 16. c3 Nc6 17. Nxe6 Nxe6 18. O-O g5 19. g3 Ne5 20. f4 gxf4 21. gxf4
Nc4 22. Qc1 f5 23. b3 Nb6 24. Qe3 Nc5 25. exf5 Kh8 26. Rad1 Rxf5 27. c4 Nbd7
28. Kh1 Qf8 29. Bh4 Bf6 30. Bg3 Bg7 31. Bg4 Rf7 32. Bh5 Rf6 33. Bg4 e5 34. f5
Rc6 35. Bh4 Rf7 36. Qh3 Nf6 37. Be2 Rd7 38. Rg1 d5 39. cxd5 Nxd5 40. Bg5 Ne4
41. Rdf1 Nxg5 42. Rxg5 Nf4 43. Rxf4 exf4 44. f6 Qxf6 45. Qxd7 hxg5 46. Bc4 f3
47. Kg1 Qa1+ 48. Kf2 Qb2+ 49. Kxf3 Rf6+ 50. Ke4 Rf4+ 51. Kd3 Qb1+ 52. Ke2 Qf1+
53. Ke3 Qg1+ 54. Kd2 Qxh2+ 55. Be2 g4 56. Qe8+ Rf8 57. Qe4 Rd8+ 58. Kc1 Qg1+
59. Kc2 Rc8+ 60. Bc4 Qf2+ 61. Kc1 Qb2+ 62. Kd1 Rd8+ 63. Ke1 Qc1+ 64. Kf2 Rf8+
65. Kg3 Qg1+ 66. Kh4 Bf6+ 67. Kh5 Qh2+ 68. Kxg4 Qh4+  0-1

[Event "87o Campeonato Brasileiro Absoluto Final Aberta"]
[Site "Cuiaba MT"]
[Date "2021.10.29"]
[Round "3"]
[Board "12"]
[White "Lage, Pedro Ferreira"]
[Black "Rodrigues, Edgar"]
[Result "0-1"]
[WhiteElo "2144"]
[BlackElo "2339"]
[PlyCount "96"]
[EventDate "2021.10.28"]
[EventRounds "11"]
[EventCountry "BRA"]

1. Nf3 Nf6 2. c4 g6 3. Nc3 Bg7 4. e4 O-O 5. d4 d6 6. Be2 c5 7. O-O cxd4 8. Nxd4
Nc6 9. Be3 Bd7 10. Qd2 Nxd4 11. Bxd4 Bc6 12. f3 a5 13. b3 Nd7 14. Bf2 Nc5 15.
Rab1 f5 16. exf5 Rxf5 17. Rfe1 Qf8 18. Nd5 Be5 19. Rbd1 Qf7 20. Bd3 Nxd3 21.
Qxd3 b5 22. Bg3 bxc4 23. bxc4 Bxd5 24. cxd5 Bf6 25. Re4 a4 26. Bh4 g5 27. Be1
h5 28. Bc3 Bxc3 29. Qxc3 a3 30. Qc6 Rf8 31. Qb7 Re8 32. Qd7 Kf8 33. Re6 g4 34.
fxg4 hxg4 35. Ree1 Kg8 36. Rf1 Rf8 37. Rfe1 Kh8 38. h3 gxh3 39. Rd4 Qf6 40. Qa4
Rf1+ 41. Kh2 Rxe1 42. Rh4+ Kg7 43. Rg4+ Kh6 44. Rh4+ Kg6 45. Qc2+ Kf7 46. Qh7+
Ke8 47. Qh5+ Kd8 48. Ra4 Rh1+  0-1

[Event "87o Campeonato Brasileiro Absoluto Final Aberta"]
[Site "Cuiaba MT"]
[Date "2021.10.29"]
[Round "3"]
[Board "13"]
[White "Cadilhac, Igor Tokuichi Kikuchi"]
[Black "Oliveira, Leonardo Tadeu De Alme"]
[Result "1-0"]
[WhiteElo "2323"]
[BlackElo "2121"]
[PlyCount "93"]
[EventDate "2021.10.28"]
[EventRounds "11"]
[EventCountry "BRA"]

1. e4 c5 2. Nf3 Nc6 3. Bb5 g6 4. O-O Bg7 5. Re1 Nf6 6. e5 Nd5 7. Nc3 Nxc3 8.
dxc3 O-O 9. Bg5 Qc7 10. Qd5 Qb6 11. Qd3 Re8 12. a4 Qc7 13. Qe4 a6 14. Bc4 Nd8
15. Qh4 Nc6 16. Qf4 Nd8 17. Qh4 Nc6 18. Qf4 Nd8 19. Bh6 Ne6 20. Qh4 b6 21. Bxg7
Kxg7 22. Bd5 Bb7 23. c4 Rab8 24. Ra3 h6 25. Nd2 Qd8 26. Qe4 Ng5 27. Qe3 Ne6 28.
Qe4 Qc7 29. f4 f5 30. Qe3 b5 31. Bxe6 b4 32. Bxd7 bxa3 33. Bxe8 Rxe8 34. Qxa3
Rd8 35. Qe3 Qc6 36. Nf3 Rd4 37. b3 Re4 38. Qd2 h5 39. Rd1 h4 40. Qd8 Rd4 41.
Qxe7+ Kg8 42. Rxd4 cxd4 43. Qd8+ Kg7 44. Qxd4 h3 45. e6+ Kg8 46. Qd8+ Kg7 47.
Qd7+  1-0

[Event "87o Campeonato Brasileiro Absoluto Final Aberta"]
[Site "Cuiaba MT"]
[Date "2021.10.29"]
[Round "3"]
[Board "14"]
[White "Almeida Junior, Alvaro Alves De"]
[Black "Oliveira, Silvio Eduardo"]
[Result "0-1"]
[WhiteElo "2106"]
[BlackElo "2321"]
[PlyCount "96"]
[EventDate "2021.10.28"]
[EventRounds "11"]
[EventCountry "BRA"]

1. e4 e5 2. Nc3 Nf6 3. f4 d5 4. fxe5 Nxe4 5. Nf3 Bc5 6. d4 Bb4 7. Bd2 c5 8.
Bb5+ Nc6 9. O-O O-O 10. a3 Nxd2 11. Qxd2 cxd4 12. axb4 dxc3 13. Qxc3 Ne7 14.
Bd3 Bg4 15. Kh1 Bh5 16. Qd4 Nc6 17. Qf4 Qe7 18. b5 Bxf3 19. bxc6 Be4 20. Bxe4
dxe4 21. cxb7 Qxb7 22. Ra3 Qxb2 23. Rg3 f5 24. exf6 Qb7 25. h3 Rac8 26. Qh6 Rc4
27. Rf4 g6 28. h4 Rc6 29. h5 Rcxf6 30. hxg6 Rxf4 31. gxh7+ Kh8 32. Rg8+ Rxg8
33. hxg8=Q+ Kxg8 34. Qxf4 Qb1+ 35. Kh2 Qxc2 36. Qb8+ Kg7 37. Qxa7+ Kg6 38. Qb6+
Kf5 39. Qb5+ Kf4 40. Qb8+ Ke3 41. Qg3+ Ke2 42. Qg4+ Kd2 43. Qf4+ e3 44. Qd4+
Ke2 45. Qg4+ Ke1 46. Qh4+ Kf1 47. Qh3 Qf2 48. Qg4 e2  0-1

[Event "87o Campeonato Brasileiro Absoluto Final Aberta"]
[Site "Cuiaba MT"]
[Date "2021.10.29"]
[Round "3"]
[Board "15"]
[White "Mariano, Marceley Martins"]
[Black "Labussiere, Victor"]
[Result "0-1"]
[WhiteElo "2095"]
[BlackElo "2291"]
[PlyCount "84"]
[EventDate "2021.10.28"]
[EventRounds "11"]
[EventCountry "BRA"]

1. e4 c5 2. Nf3 Nc6 3. d4 cxd4 4. Nxd4 Nf6 5. Nc3 d6 6. Be2 e5 7. Ndb5 a6 8.
Na3 b5 9. Nd5 Nxe4 10. Bf3 f5 11. Be3 Rb8 12. O-O Be7 13. Bxe4 fxe4 14. f3 O-O
15. fxe4 Rxf1+ 16. Qxf1 Be6 17. Qd3 Bf8 18. c3 Ne7 19. Bg5 Qd7 20. Bxe7 Bxe7
21. Nxe7+ Qxe7 22. b3 Qc7 23. Rd1 Qc5+ 24. Kh1 Qxa3 25. Qxd6 Qxd6 26. Rxd6 Kf7
27. Rxa6 Rc8 28. Ra7+ Kf6 29. h3 Rxc3 30. a4 b4 31. Rb7 Rxb3 32. a5 Ra3 33.
Rxb4 Rxa5 34. Kh2 Rc5 35. Rb1 Rc4 36. Re1 Bd7 37. Kg3 Bc6 38. Kf3 Rc3+ 39. Kg4
Bd7+ 40. Kh4 g5+ 41. Kh5 Rg3 42. Re2 Kg7  0-1

[Event "87o Campeonato Brasileiro Absoluto Final Aberta"]
[Site "Cuiaba MT"]
[Date "2021.10.29"]
[Round "3"]
[Board "16"]
[White "Cunha, Lucas Aguiar"]
[Black "Sekula, Markley Ribas"]
[Result "1-0"]
[WhiteElo "2290"]
[BlackElo "2092"]
[PlyCount "107"]
[EventDate "2021.10.28"]
[EventRounds "11"]
[EventCountry "BRA"]

1. e4 e5 2. Nf3 Nf6 3. Nc3 Bb4 4. Nxe5 O-O 5. Be2 Re8 6. Nd3 Bxc3 7. dxc3 Nxe4
8. Nf4 d6 9. O-O Nc6 10. c4 h6 11. a4 Bf5 12. Ra3 a5 13. Re3 Nc5 14. Rxe8+ Qxe8
15. Nd5 Bxc2 16. Qe1 Nd4 17. Be3 Nxe2+ 18. Qxe2 Qe4 19. Qd2 Bd3 20. Rd1 Bc2 21.
Re1 Nb3 22. Qc3 Qd3 23. Nxc7 Qxc3 24. bxc3 Rc8 25. Bb6 Nc5 26. Nd5 Ra8 27. Nc7
Rc8 28. Bxa5 Nxa4 29. Nd5 Ra8 30. Bb4 Nc5 31. h3 Bd3 32. Ne3 Ra6 33. Rd1 Bg6
34. Rd5 Be4 35. Rd4 Bg6 36. Nd5 Kh7 37. f3 Ra1+ 38. Kh2 Ra2 39. Kg3 Ne6 40. Rd1
Bc2 41. Rd2 Bb3 42. Rxa2 Bxa2 43. Nb6 Nc5 44. Nc8 Na6 45. Nxd6 b6 46. Kf4 Kg6
47. Ke4 Nc7 48. f4 f5+ 49. Ke5 Bb1 50. Nc8 Be4 51. g4 Bg2 52. gxf5+ Kf7 53. h4
b5 54. Nd6+  1-0